01448nam a2200253 a 450000100100000000500170001000800410002704000250006808200150009310000390010824501510014726000900029830000300038850000420041870000550046070000370051504900090055295201280056195201280068995201280081795201130094595201190105899900170117700002502520240305103442.0110209s1994 dr c 000 0 spa d aDO-SdBNPbspacBNPHU axxxbH519i1 aHenríquez Ureña, Camila92348014aLas ideas pedagógicas de Hostos y otros escritos /cCamila Henríquez Ureña ; edición Arístides Incháustegui, Blanca Delgado Malagón. aSanto Domingo :bSecretaría de Estado de Educación, Bellas Artes y Cultos,c1994. a382 p. :bretr. ;c24 cm. aIncluye notas al pie de las páginas1 aIncháustegui Cabral, Héctor,d1912-19799210241 aDelgado Malagón, Blanca922928 aBNPD 001054708DSaGRbGRcHDd2011-02-09iLF1l0oxxx H519ip25025-30r2020-06-25te. 3w2020-06-25yLFDSZPréstamo en sala 001054708DSaGRbGRcHDd2011-03-08iLF1l0oxxx H519ip25025-40r2020-06-25te. 4w2020-06-25yLFDSZPréstamo en sala 001054708DSaGRbGRcHDd2011-03-08iLF1l0oxxx H519ip25025-50r2020-06-25te. 5w2020-06-25yLFDSZPréstamo en sala 0010718PDaPDbPDcHDd2011-02-09iLF1l0oxxx H519ip25025-10r2020-06-25w2020-06-25yLFPDZNo se presta 0010718PDaPDbPDcHDd2011-02-09iLF1l0oxxx H519ip25025-20r2020-06-25te. 2w2020-06-25yLFPDZNo se presta c24518d24518